[Event "Lost Boys Open"]
[Site "Amsterdam NED"]
[Date "2000.08.11"]
[Round "1"]
[White "Erwich,Frank"]
[Black "Saravanan,V"]
[Result "0-1"]
[WhiteElo "2224"]
[BlackElo "2412"]

1.e4 c5 2.Nf3 d6 3.Bb5+ Nc6 4.O-O Bd7 5.Re1 Nf6 6.c3 a6 7.Bf1 e5 8.h3 Be7
9.d4 Qc7 10.Na3 cxd4 11.cxd4 O-O 12.Nc4 exd4 13.Nxd4 b5 14.Ne3 Rfe8 15.Nd5 Nxd5
16.Nxc6 Bxc6 17.exd5 Bb7 18.Be3 Bf6 19.Rc1 Qa5 20.Qb3 Bg5 21.a4 Bxe3 22.Rxe3 Qxa4
23.Qxa4 bxa4 24.Rxe8+ Rxe8 25.Rc4 Kf8 26.Rxa4 Re1 27.f3 Rb1 28.b4 Bxd5 29.Kf2 Bc6
30.Ra5 Ke7 31.Bd3 Rxb4 32.Rxa6 Bd5 33.Ra7+ Ke6 34.Ke3 h6 35.g4 g5 36.Bf5+ Kf6
37.Rd7 Rb3+ 38.Kd4 Be6 39.Rxd6  0-1

[Event "TCh-ESP"]
[Site "Barcelona ESP"]
[Date "2000.08.11"]
[Round "7"]
[White "Magem Badals,J"]
[Black "Suba,M"]
[Result "1/2-1/2"]
[WhiteElo "2482"]
[BlackElo "2487"]

1.e4 c5 2.Nf3 d6 3.Bb5+ Nd7 4.d4 Nf6 5.Nc3 cxd4 6.Qxd4 e5 7.Qd3 h6 8.Be3 Be7
9.Bc4 a6 10.a4 Qc7 11.O-O Nc5 12.Bxc5 Qxc5 13.Nd5 Be6 14.b4 Qc8 15.Nxf6+ Bxf6
16.Nd2 O-O 17.Bb3 a5 18.bxa5 Rxa5 19.Nc4 Rc5 20.Nb6 Qc7 21.Nd5 Bxd5 22.Bxd5 Rc3
23.Qb5 b6 24.Rab1 Bd8 25.Bb3 g6 26.Rbd1 Kg7 27.Rd3 Rc5 28.Qb4 Be7 29.Qd2 h5
30.Rd1 f5 31.exf5 Rxf5 32.Qe2 Qc6 33.Rd5 Rxd5 34.Rxd5 Qc3 35.g3 Qf3  1/2-1/2

[Event "Lost Boys Open"]
[Site "Amsterdam NED"]
[Date "2000.08.13"]
[Round "3"]
[White "Erwich,Frank"]
[Black "Wendt,R"]
[Result "1/2-1/2"]
[WhiteElo "2224"]
[BlackElo "2373"]

1.e4 c5 2.Nf3 d6 3.Bb5+ Bd7 4.Bxd7+ Qxd7 5.c4 Nc6 6.d4 cxd4 7.Nxd4 Nf6 8.Nc3 g6
9.f3 Bg7 10.Be3 O-O 11.O-O Rfc8 12.b3 Qd8 13.Qd2 a6 14.Rfd1 Qf8 15.Rac1 h5
16.Nde2 Rab8 17.a4 Kh7 18.Nd5 Nd7 19.a5 Qd8 20.b4 Nce5 21.Qa2 e6 22.Nb6 Nxb6
23.Bxb6 Qe7 24.f4 Nd7 25.Ba7 Ra8 26.Bf2 Rc7 27.Qd2 Rac8 28.Qd3 Kg8 29.Bg3 h4
30.Bf2 Bf6 31.Be1 Nf8 32.Bc3 Bxc3 33.Rxc3 Nh7 34.Qxd6 Qxd6 35.Rxd6 Rxc4 36.Rxc4 Rxc4
37.Rb6 Rxe4 38.Kf2 Nf6 39.Kf3 Rc4 40.Rxb7 Nd5  1/2-1/2

[Event "Lost Boys Open"]
[Site "Amsterdam NED"]
[Date "2000.08.14"]
[Round "4"]
[White "Soderberg,P"]
[Black "Van Blitterswijk,S"]
[Result "1/2-1/2"]
[WhiteElo "2261"]
[BlackElo "2351"]

1.e4 c5 2.Nf3 d6 3.Bb5+ Nd7 4.O-O Nf6 5.Re1 a6 6.Bxd7+ Nxd7 7.d4 cxd4 8.Qxd4 e6
9.Bg5 Qc7 10.Nc3 f6 11.Bh4 Ne5 12.Nd2 g5 13.Bg3 Bd7 14.a4 h5 15.f3 h4 16.Bf2 h3
17.g3 Bc6 18.Qe3 Qf7 19.Qe2 Be7 20.Bb6 Bd8 21.Bxd8 Rxd8 22.b4 Qc7 23.Qe3 Rc8
24.Ne2 Bd7 25.Rec1 g4 26.f4 Nc4 27.Nxc4 Qxc4 28.c3 a5 29.b5 Qc5 30.Kf2 Ke7
31.Rd1 Qxe3+ 32.Kxe3 Rc5  1/2-1/2

[Event "It"]
[Site "Presov SVK"]
[Date "2000.08.14"]
[Round "3"]
[White "Manik,M"]
[Black "Kalod,R"]
[Result "0-1"]
[WhiteElo "2425"]
[BlackElo "2483"]

1.e4 c5 2.Nf3 d6 3.Bb5+ Nd7 4.d4 Nf6 5.Nc3 cxd4 6.Qxd4 e5 7.Qd3 h6 8.Be3 a6
9.Bc4 Be7 10.a4 Qa5 11.O-O Nc5 12.Bxc5 Qxc5 13.Nd5 Nxd5 14.Bxd5 O-O 15.a5 Rb8
16.c3 g6 17.b4 Qc7 18.Nd2 Bd7 19.Rfc1 Kg7 20.Nb3 f5 21.c4 Bg5 22.Rc2 Rbc8
23.c5 Rf6 24.Raa2 fxe4 25.Bxe4 d5 26.Bxd5 Bf5 27.Qe2 Rd8 28.Rd2 Bxd2 29.Rxd2 Be6
30.Bxe6 Rxe6 31.g3 Re7 32.Rxd8 Qxd8 33.Nd2 e4 34.Nc4 Qd4 35.Kg2 Kh7 36.Ne3 Rf7
37.Qe1 Qd3 38.h4 h5 39.Kg1 Rd7 40.Qc1 Qe2 41.Qa1 Rf7 42.Qf1 Qd2 43.Kg2 Qxb4
44.Qc1 Qxa5 45.Qc4 Qc7 46.Nd5 Qe5 47.Nf4 Re7 48.c6 Qb5 49.cxb7 Qxc4 50.b8=Q e3
51.fxe3 Qe4+ 52.Kf2 Qxe3+ 53.Kg2 Qe4+ 54.Kh2 Rb7  0-1

[Event "It"]
[Site "Miercurea Ciuc ROM"]
[Date "2000.08.20"]
[Round "2"]
[White "Schmid,Si"]
[Black "Bromberger,S"]
[Result "1/2-1/2"]
[WhiteElo "2230"]
[BlackElo "2375"]

1.e4 c5 2.Nf3 d6 3.Bb5+ Nd7 4.O-O Nf6 5.e5 dxe5 6.Nxe5 a6 7.Bxd7+ Nxd7 8.d4 Nxe5
9.dxe5 Qxd1 10.Rxd1 Bf5 11.c4 e6 12.Nc3 Be7 13.Be3 Rc8 14.Rd2 Bd8 15.Rad1 Ba5
16.Rd7 O-O  1/2-1/2

[Event "Open"]
[Site "Polanica Zdroj POL"]
[Date "2000.08.20"]
[Round "4"]
[White "Zubarev,A1"]
[Black "Balcerak,J"]
[Result "1/2-1/2"]
[WhiteElo "2456"]
[BlackElo "2413"]

1.e4 c5 2.Nf3 d6 3.Bb5+ Bd7 4.Bxd7+ Qxd7 5.O-O Nc6 6.c4 Nf6 7.Nc3 Ne5 8.d3 Nxf3+
9.Qxf3 g6 10.Be3 Qg4 11.d4 Qxf3 12.gxf3 Rc8 13.dxc5 dxc5 14.Rfd1 Nd7 15.f4 Bg7
16.Rd3 Bxc3 17.Rxc3 f5 18.exf5 gxf5 19.Ra3 a6 20.Rd1 Nf6 21.f3 Kf7 22.Ra5 Rc6
23.Kf1 Rhc8 24.Rd2 Rd6 25.Rg2 Nd7 26.Ke2 Rg6 27.Rf2 Rd8 28.Ra3 Nb8 29.Bxc5  1/2-1/2

[Event "zt 2.32"]
[Site "Guatemala City GUA"]
[Date "2000.08.21"]
[Round "7"]
[White "Guillen Ramirez,J"]
[Black "Batres,F"]
[Result "1-0"]
[WhiteElo "2281"]
[BlackElo "2140"]

1.e4 c5 2.Nf3 d6 3.Bb5+ Bd7 4.Bxd7+ Qxd7 5.c4 Nc6 6.Nc3 g6 7.d4 cxd4 8.Nxd4 Bg7
9.Be3 Nf6 10.h3 O-O 11.O-O Rfc8 12.b3 Qe8 13.Qd2 Nxd4 14.Bxd4 Rc6 15.Rae1 a6
16.f4 e5 17.fxe5 dxe5 18.Bf2 b5 19.c5 Rd8 20.Nd5 h6 21.b4 Nh5 22.Rd1 Kh7
23.g3 Qe6 24.Kg2 Rcc8 25.Qe2 f5 26.Rd3 Rf8 27.Nb6 fxe4 28.Rd6 Qf5 29.Nxc8 Qxc8
30.Qxe4 Nf6 31.Qc6 Qf5 32.Bg1 Qg5 33.h4 Qg4 34.Rdxf6 Bxf6 35.Rxf6 Qe2+ 36.Rf2 Rxf2+
37.Bxf2 e4 38.Qd7+ Kg8 39.Qe8+ Kg7 40.Qe5+ Kf7 41.Qf4+ Ke6 42.c6  1-0

[Event "Open"]
[Site "Porto San Giorgio ITA"]
[Date "2000.08.21"]
[Round "2"]
[White "Todorov,T"]
[Black "Termeulen,A"]
[Result "1-0"]
[WhiteElo "2481"]
[BlackElo "2242"]

1.e4 c5 2.Nf3 d6 3.Bb5+ Nd7 4.O-O Nf6 5.Re1 a6 6.Bf1 b6 7.c3 Bb7 8.d3 g6
9.Nbd2 Bg7 10.d4 cxd4 11.cxd4 O-O 12.a4 Qc7 13.Ra3 Rac8 14.Rc3 Qb8 15.Bd3 Rfd8
16.Qe2 e5 17.Bxa6 Bxa6 18.Qxa6 exd4 19.Nxd4 Nc5 20.Qb5 Nfxe4 21.Nxe4 Bxd4
22.Rc4 Bg7 23.Ng5 d5 24.Rh4 Re8 25.Rd1 Qe5 26.Kf1 Qf5 27.Bd2 Nd3 28.Nf3 Nxb2
29.Re1 Rxe1+ 30.Nxe1 Nc4 31.Bb4 Bf6 32.Rh3 Qe4 33.Rf3 Ra8 34.g3 Bd4 35.Qd7 Ne5  1-0

[Event "III Pyramiden-Franken Cup"]
[Site "Fuerth GER"]
[Date "2000.08.22"]
[Round "4"]
[White "Kotz,R"]
[Black "Afek,Y"]
[Result "0-1"]
[WhiteElo "2017"]
[BlackElo "2330"]

1.e4 c5 2.Nf3 d6 3.Bb5+ Nc6 4.O-O Bd7 5.d4 cxd4 6.Nxd4 Nf6 7.f3 e5 8.Bxc6 bxc6
9.Nb3 Be6 10.Qe2 a5 11.Be3 a4 12.N3d2 Be7 13.Nc3 O-O 14.b3 a3 15.Na4 d5 16.Bb6 Qb8
17.Bc5 Bxc5+ 18.Nxc5 Bc8 19.Rfe1 Re8 20.Rad1 Qb4 21.Nd3 Qc3 22.Rc1 Ba6 23.Qe3 d4
24.Qe2 c5 25.Nb1 Qa5 26.c4 dxc3 27.Rxc3 Red8 28.Rec1 Rd4 29.Qe3 Bxd3 30.Rxd3 Rad8
31.Rdc3 Qa6 32.Re1 Nd7 33.Rc2 g6 34.Qc1 Ra8 35.Nd2 f6 36.Nc4 Kg7 37.Ne3 Rc8
38.Nd1 Ra8 39.Ne3 Qa7 40.Nc4 Nf8 41.g3 Ne6 42.Kg2 h5 43.Ne3 h4 44.Rh1 Rh8
45.Nc4 Qd7 46.Ne3 Rd3 47.Rd1 hxg3 48.hxg3 Nf4+ 49.gxf4 Qh3+ 50.Kf2 exf4 51.Rxd3 Qg3+
52.Ke2 Rh2+ 53.Kf1 Rh1+ 54.Ke2 Qh2+  0-1

[Event "Open"]
[Site "Porto San Giorgio ITA"]
[Date "2000.08.23"]
[Round "4"]
[White "Todorov,T"]
[Black "Isonzo,D"]
[Result "1/2-1/2"]
[WhiteElo "2481"]
[BlackElo "2250"]

1.e4 c5 2.Nf3 d6 3.Bb5+ Bd7 4.Bxd7+ Qxd7 5.O-O Nf6 6.e5 dxe5 7.Nxe5 Qc8 8.d4 e6
9.Bg5 Be7 10.Nc3 cxd4 11.Qxd4 Nc6 12.Qa4 O-O 13.Nxc6 Qxc6 14.Qxc6 bxc6 15.Rfd1 Rfd8
16.Kf1 Kf8 17.Ke2 Ke8 18.Rxd8+ Rxd8 19.Be3 a6 20.Na4 Nd5 21.Bd2 Nf6 22.c4 Ne4
23.Be3 Nd6 24.Bb6 Rc8 25.b3 Nb7 26.Rd1 c5 27.Rd3 Rc6 28.f4 Bd6 29.Ke3 Ke7
30.g4 h6 31.h4 f5 32.gxf5 exf5 33.Rd5 Ke6 34.h5 Rc8 35.Kf3 Rc6 36.Rd2 Rc8
37.Rg2 Kf7 38.Rd2 Ke6 39.Re2+ Kf7 40.Rd2 Ke6 41.Nc3 Rc6 42.Nd5 Kf7 43.Re2 a5
44.Rg2 Bb8 45.a3 Re6 46.Rg6 Rxg6 47.hxg6+ Kxg6 48.Ne7+ Kf6 49.Nc6 Bd6 50.Nxa5 Nxa5
51.Bxa5 g5 52.Bd2 Be7 53.fxg5+ hxg5 54.b4 cxb4 55.axb4 Ke5 56.Bc3+ Kd6 57.Bd4 Kc7
58.b5 Bd6 59.c5 Bh2 60.Bc3 g4+ 61.Kg2 Bf4 62.Ba5+ Kd7 63.c6+ Kd6 64.Bb4+ Kc7
65.Ba5+ Kd6 66.Bb4+ Kc7  1/2-1/2

[Event "ch-ESP"]
[Site "Barcelona ESP"]
[Date "2000.08.25"]
[Round "7"]
[White "Bueno Abalo,M"]
[Black "Martinez Martin,D"]
[Result "0-1"]
[WhiteElo "2230"]
[BlackElo "2283"]

1.e4 c5 2.Nf3 d6 3.Bb5+ Bd7 4.Bxd7+ Qxd7 5.O-O Nc6 6.c4 g6 7.Nc3 Bg7 8.d3 Nf6
9.h3 O-O 10.Be3 Rac8 11.a3 Ne8 12.Rb1 b6 13.Qd2 f5 14.exf5 Rxf5 15.Nh2 e6
16.Ng4 Kh8 17.Ne4 d5 18.Ng3 Rf8 19.Rbd1 Nd6 20.Bh6 Nf5 21.Bxg7+ Qxg7 22.Ne2 Rcd8
23.cxd5 exd5 24.Kh1 g5 25.Ng3 Nxg3+ 26.fxg3 Nd4 27.Ne3 Qe5 28.g4 Rf4 29.Rde1 Re8
30.Nf5 Ne2 31.Rd1 d4 32.Rfe1 h5 33.g3 Qd5+  0-1

[Event "ch-FRA Women"]
[Site "Vichy FRA"]
[Date "2000.08.26"]
[Round "11"]
[White "Sebag,M"]
[Black "Muller,A"]
[Result "1/2-1/2"]
[WhiteElo "2227"]
[BlackElo "2135"]

1.e4 c5 2.Nf3 d6 3.Bb5+ Bd7 4.Bxd7+ Qxd7 5.O-O Nc6 6.c3 Nf6 7.Qe2 e6 8.d4 cxd4
9.cxd4 d5 10.e5 Ne4 11.Nbd2 Nxd2 12.Bxd2 Be7 13.Rac1 O-O 14.Qd3 h6 15.Rc2 Rfc8
16.Rfc1 a6 17.g3 b5 18.Kg2 Bd8 19.h4 Bb6 20.Bc3 Rc7 21.a3 Rac8 22.Nd2 Ba5
23.Nb3 Bb6 24.Bd2 Nb8 25.Nc5 Bxc5 26.Rxc5 Rxc5 27.dxc5 Nc6 28.f4 h5 29.a4 Qb7
30.axb5 axb5 31.Ra1 Ne7 32.b4 Nf5 33.Qa3 Kf8 34.Qa7 Rb8 35.Ra6 Ke8 36.Kf2 Kd8
37.Be1 Kc7 38.Bd2 Qxa7 39.Rxa7+ Rb7 40.Ra8 Kc6 41.Be1 Kc7 42.Ke2  1/2-1/2

[Event "Summer Festival Open"]
[Site "Lisbon POR"]
[Date "2000.08.27"]
[Round "7"]
[White "Oratovsky,M"]
[Black "Ftacnik,L"]
[Result "1/2-1/2"]
[WhiteElo "2486"]
[BlackElo "2608"]

1.e4 c5 2.Nf3 d6 3.Bb5+ Nd7 4.O-O Nf6 5.Re1 a6 6.Bf1 b6 7.c4 Bb7 8.Nc3 e6
9.d4 cxd4 10.Nxd4 Be7 11.f3 O-O 12.Be3 Rc8 13.Rc1 Qc7 14.b4 Qb8 15.a3 Rfe8
16.Kh1 Bd8 17.Nb3 Bc7 18.Bg1 Kh8 19.a4 Ne5 20.a5 bxa5 21.b5 Ned7 22.Na4 axb5
23.cxb5 d5 24.Nbc5 Nxc5 25.Nxc5 Red8 26.Nxb7 Qxb7 27.b6 Bxb6 28.Rxc8 Rxc8
29.Bxb6 Qxb6 30.exd5 Qd6 31.Qa1 Nd7 32.dxe6 fxe6 33.Qxa5 Nf6 34.Qa6 Qxa6
35.Bxa6 Re8 36.Kg1 Kg8  1/2-1/2

[Event "Open"]
[Site "Abudhabi UAE"]
[Date "2000.08.28"]
[Round "3"]
[White "Arkhipov,S"]
[Black "Roeder,M"]
[Result "1/2-1/2"]
[WhiteElo "2532"]
[BlackElo "2467"]

1.e4 c5 2.Nf3 d6 3.Bb5+ Bd7 4.Bxd7+ Qxd7 5.O-O Nc6 6.c3 Nf6 7.Qe2 e6 8.d4 cxd4
9.cxd4 d5 10.e5 Ne4 11.Be3 Be7 12.Ne1 f6 13.f3 Ng5 14.Nd3 O-O 15.a3 Na5 16.Nd2 Nf7
17.Bf2 b6 18.f4 Rac8  1/2-1/2

[Event "Open"]
[Site "Porto San Giorgio ITA"]
[Date "2000.08.28"]
[Round "9"]
[White "Agrest,S"]
[Black "Bontempi,P"]
[Result "0-1"]
[WhiteElo "2210"]
[BlackElo "2273"]

1.e4 c5 2.Nf3 d6 3.Bb5+ Bd7 4.Bxd7+ Nxd7 5.O-O Ngf6 6.Re1 e6 7.d4 cxd4 8.Nxd4 a6
9.Nc3 Be7 10.Nb3 b5 11.a3 O-O 12.Bf4 Qc7 13.Qe2 Rac8 14.Rac1 Nb6 15.Nd2 Nfd7
16.Nd1 Bf6 17.c3 Ne5 18.Ne3 Na4 19.Bxe5 Bxe5 20.Nf3 Bf4 21.Qc2 Qb7 22.Rcd1 Rfd8
23.g3 Bxe3 24.Rxe3 h6 25.Nd4 a5 26.Qb3 Rb8 27.Qc2 Nb6 28.Re2 Nc4 29.Qd3 Qc7
30.Nf3 d5 31.e5 b4 32.axb4 axb4 33.b3 Na5 34.cxb4 Rxb4 35.Nd4 Qb6 36.Rc2 Rb8
37.Rdc1 Rf8 38.Nc6 Nxc6 39.Rxc6 Rxb3 40.Rxb6 Rxd3 41.Rb7 Rd2 42.Kf1 g5 43.h3 Rd4
44.Ra1 Re4 45.Re1 Rxe1+ 46.Kxe1 Ra8 47.Ke2 Ra4 48.Kd3 Re4 49.f3 Rxe5 50.Rb1 Rf5
51.Rf1 e5 52.Ke3 Rf6 53.Ra1 Rb6 54.Ra5 Rb3+ 55.Ke2 Rb2+ 56.Kd3 Rb3+ 57.Ke2 e4
58.fxe4 dxe4 59.Kf2 Rf3+ 60.Kg2 Rf6 61.Ra3 Kg7 62.Re3 Re6 63.g4 Kg6 64.Kf2 f5
65.gxf5+ Kxf5 66.Ra3 Kf4 67.h4 e3+ 68.Ke2 g4 69.Ra8 Kg3 70.h5 Kh2 71.Ra4 g3
72.Rh4+ Kg2 73.Rg4 Kh3 74.Rg8 Kh2  0-1

[Event "6th WUCC"]
[Site "Golden Sands BUL"]
[Date "2000.09.01"]
[Round "1"]
[White "Turov,M"]
[Black "Vasilev,M"]
[Result "1-0"]
[WhiteElo "2539"]
[BlackElo "2316"]

1.e4 c5 2.Nf3 d6 3.Bb5+ Bd7 4.Bxd7+ Qxd7 5.c4 Nc6 6.d4 Qg4 7.O-O Nxd4 8.Nxd4 Qxd1
9.Rxd1 cxd4 10.Rxd4 g6 11.Rd3 Rc8 12.Rb3 b6 13.Ra3 Rxc4 14.Nc3 Nf6 15.Rxa7 Bg7
16.Bh6 Bxh6 17.Ra8+ Kd7 18.Rxh8 Bg7 19.Rb8 Kc7 20.Ra8 Kb7 21.Ra4 Rxa4 22.Nxa4 Nxe4
23.Re1 d5 24.f3 Bd4+ 25.Kf1 Nd2+ 26.Ke2 Nc4 27.b3 Ne3 28.Kd3 b5 29.Nc3 Bxc3
30.Kxc3 d4+ 31.Kd3 e5 32.a4 f6 33.g3 Nd5 34.axb5 Kb6 35.f4 Nb4+ 36.Kc4 Nc2
37.Re2 Ne3+ 38.Kd3 exf4 39.gxf4 Nd5 40.Kxd4 Nxf4 41.Re4 g5 42.Kc4 h5 43.Re8 h4
44.Rf8 Nh5 45.h3 g4 46.hxg4 h3  1-0

[Event "6th WUCC"]
[Site "Golden Sands BUL"]
[Date "2000.09.02"]
[Round "2"]
[White "Bojkov,D"]
[Black "Zubarev,A1"]
[Result "0-1"]
[WhiteElo "2326"]
[BlackElo "2456"]

1.e4 c5 2.Nf3 d6 3.Bb5+ Bd7 4.Bxd7+ Qxd7 5.c4 e5 6.O-O Nc6 7.Nc3 g6 8.Nd5 Bg7
9.a3 Nge7 10.b4 O-O 11.b5 Nd8 12.a4 f5 13.d3 h6 14.Nd2 Ne6 15.Bb2 Kh7 16.f3 h5
17.exf5 gxf5 18.f4 Nxd5 19.Qxh5+ Kg8 20.cxd5 Nxf4 21.Qf3 Qf7 22.Nc4 Rad8
23.Ne3 Nxd3 24.Nxf5 Qxf5 25.Qxf5 Rxf5 26.Rxf5 Nxb2 27.Ra3 c4  0-1

[Event "6th WUCC"]
[Site "Golden Sands BUL"]
[Date "2000.09.03"]
[Round "3"]
[White "Lindfeldt,J"]
[Black "Zoler,D"]
[Result "1-0"]
[WhiteElo "2326"]
[BlackElo "2526"]

1.e4 c5 2.Nf3 d6 3.Bb5+ Nd7 4.O-O Nf6 5.Re1 e6 6.c3 Be7 7.d4 a6 8.Bd3 cxd4
9.cxd4 e5 10.Nc3 O-O 11.a4 exd4 12.Nxd4 Nc5 13.Bf1 Re8 14.a5 d5 15.e5 Nfe4
16.Nce2 f6 17.exf6 Bxf6 18.Ra3 Nd6 19.b4 Nce4 20.Nf4 Nc4 21.Rd3 Ne5 22.Ra3 Nxf2
23.Qb3 Nfg4 24.Qxd5+ Kh8 25.h3 Nh6 26.Rae3 Be7 27.Nh5 Bf6 28.Nxf6  1-0

[Event "chT-POL"]
[Site "Zakopane chT"]
[Date "2000.09.03"]
[Round "2"]
[White "Jakubowski,T"]
[Black "Sarwinski,M"]
[Result "1/2-1/2"]
[WhiteElo "2311"]
[BlackElo "2372"]

1.e4 c5 2.Nf3 d6 3.Bb5+ Bd7 4.Bxd7+ Qxd7 5.c4 e5 6.O-O Nc6 7.Nc3 g6 8.Nd5 Bg7
9.Qa4 Rc8 10.b4 Nxb4 11.Qxa7 Nxd5 12.cxd5 b5 13.Qa6 Nf6 14.a4 Nxe4 15.axb5 O-O
16.b6 Nf6 17.b7 Rb8 18.Rb1 Nxd5 19.Ba3 Rfe8 20.d3 Nc7 21.Qb6 Ne6 22.Nd2 d5
23.Nb3 Rxb7 24.Nxc5 Nxc5 25.Qxc5 Bf8 26.Rxb7 Qxb7 27.Qc1 Rc8 28.Qb2 Qxb2
29.Bxb2 Bd6 30.Bc1 Rc2 31.Be3 f5 32.Rc1 Rb2 33.d4 Kf7 34.g3 Ke6 35.Rc6 Kd7
36.Ra6 exd4 37.Bxd4 Rd2 38.Be3 Rd1+ 39.Kg2 d4 40.Bg5 d3 41.Kf3 Rh1 42.h4 f4
43.Ra2 fxg3 44.fxg3 Rf1+ 45.Ke3 Ke6 46.Kxd3 Rf3+ 47.Ke2 Rxg3 48.Ra7 h5 49.Rg7 Kf5
50.Rf7+ Ke4 51.Rf6 Be5 52.Rxg6 Rg2+ 53.Kf1 Kf3 54.Rb6 Kg3 55.Bf4+ Bxf4 56.Rg6+ Kf3
57.Rxg2 Bg3 58.Rf2+ Bxf2  1/2-1/2

[Event "chT-POL"]
[Site "Zakopane chT"]
[Date "2000.09.05"]
[Round "4"]
[White "Rozentalis,E"]
[Black "Kempinski,R"]
[Result "1-0"]
[WhiteElo "2570"]
[BlackElo "2522"]

1.e4 c5 2.Nf3 d6 3.Bb5+ Nd7 4.d4 Nf6 5.Nc3 a6 6.Bxd7+ Nxd7 7.O-O cxd4 8.Qxd4 Qb6
9.Be3 Qxd4 10.Bxd4 e6 11.a4 f6 12.Nd2 g5 13.Nc4 Ne5 14.Nb6 Rb8 15.f3 Rg8
16.Kh1 Be7 17.g3 Nd7 18.Rad1 Bd8 19.Nc4 Bc7 20.Ba7 Ra8 21.Be3 Ke7 22.f4 gxf4
23.gxf4 f5 24.Rg1 Rxg1+ 25.Rxg1 Kf7 26.Rd1 Ke7 27.Bf2 Nc5  1-0

[Event "zt 1.1"]
[Site "Mondariz ESP"]
[Date "2000.09.07"]
[Round "5"]
[White "Bellini,F"]
[Black "Hodgson,Ju"]
[Result "1-0"]
[WhiteElo "2484"]
[BlackElo "2640"]

1.e4 c5 2.Nf3 d6 3.Bb5+ Bd7 4.Bxd7+ Nxd7 5.O-O Ngf6 6.Qe2 e6 7.d3 Be7 8.Ng5 h6
9.Nh3 Ne5 10.f4 Nc6 11.Be3 d5 12.e5 Nd7 13.c4 d4 14.Bf2 Qc7 15.Nd2 O-O-O
16.Bg3 h5 17.Ne4 h4 18.Be1 f6 19.exf6 gxf6 20.f5 exf5 21.Rxf5 Bd6 22.Nxd6+ Qxd6
23.Nf2 Rde8 24.Ne4 Qe6 25.Rd5 Nb6 26.Rxc5 Kb8 27.Qf1 Na4 28.Rf5 Nxb2 29.Rxf6 Qd7
30.Rb1 Na4 31.Rf7 Re7 32.Rf8+ Re8 33.Nf6 Qe7 34.Rxe8+ Rxe8 35.Nxe8 Qxe8 36.Bxh4 a6
37.Qf4+ Ka7 38.Qc7 Nb4 39.Bf2  1-0

[Event "zt 1.1"]
[Site "Mondariz ESP"]
[Date "2000.09.08"]
[Round "6"]
[White "Bellini,F"]
[Black "Moreno,J"]
[Result "1/2-1/2"]
[WhiteElo "2484"]
[BlackElo "2515"]

1.e4 c5 2.Nf3 d6 3.Bb5+ Bd7 4.Bxd7+ Qxd7 5.O-O Nf6 6.e5 dxe5 7.Nxe5 Qc8 8.d4 e6
9.Nc3 Nc6 10.Nxc6 Qxc6 11.dxc5 Bxc5 12.Bg5 Ne4 13.Nxe4 Qxe4 14.Qd2 h6 15.Rfe1 Qd5
16.Be3 Qxd2 17.Bxd2 O-O-O 18.Bc3 Bd4 19.Bxd4 Rxd4 20.Rad1 Rhd8 21.Rxd4 Rxd4
22.Kf1 Kc7 23.Re3 Rh4  1/2-1/2

[Event "chT-POL"]
[Site "Zakopane chT"]
[Date "2000.09.09"]
[Round "7"]
[White "Erenska,H"]
[Black "Grabarska,B"]
[Result "1/2-1/2"]
[WhiteElo "2243"]
[BlackElo "2318"]

1.e4 c5 2.Nf3 d6 3.Bb5+ Bd7 4.Bxd7+ Qxd7 5.O-O Nc6 6.Re1 Nf6 7.b3 e6 8.Bb2 Be7
9.c4 O-O 10.d4 cxd4 11.Nxd4 a6 12.Na3 Rfd8 13.Rc1 Nb4 14.Qd2 d5 15.exd5 Nxa2
16.dxe6 fxe6 17.Rcd1 Bb4 18.Qg5 Nc3 19.Rd3 Nce4 20.Rxe4 Nxe4 21.Qe5 Nf6 22.Nac2 Bf8
23.Ne1 Qd6 24.Qg5 Qc5 25.Qg3 Qh5 26.h3 Bd6 27.f4 Qc5 28.Kf1 Re8 29.Ne2 e5
30.b4 Qc7 31.c5 exf4 32.cxd6 fxg3 33.dxc7  1/2-1/2

[Event "LVI ch-POR"]
[Site "Barreiro POR"]
[Date "2000.09.10"]
[Round "9"]
[White "Reis,L"]
[Black "Ribeiro,F"]
[Result "0-1"]
[WhiteElo "2244"]
[BlackElo "2202"]

1.e4 c5 2.Nf3 d6 3.Bb5+ Nc6 4.O-O Bd7 5.c3 a6 6.Ba4 Nf6 7.Re1 b5 8.Bc2 e5
9.h3 Be7 10.d4 O-O 11.Bg5 Ne8 12.Bxe7 Qxe7 13.Nbd2 Nc7 14.Nf1 cxd4 15.cxd4 Rfd8
16.Ne3 Qf6 17.dxe5 dxe5 18.Nd5 Nxd5 19.exd5 Bf5 20.Qb1 Bxc2 21.Qxc2 Rxd5
22.Qe4 Rad8 23.Rac1 g6 24.Rc3 Kg7 25.Rce3 Qd6 26.g4 f6 27.Rc3 Rd7 28.Qc2 Nb4
29.Qb3 Nd3 30.Rd1 e4 31.Ne1 Nf4 32.Rxd5 Nxd5 33.Rc2 Qb4 34.Qxb4 Nxb4 35.Re2 f5
36.a3 Nd3 37.Ng2 Kf6 38.Rc2 Ke5 39.gxf5 gxf5 40.b4 f4 41.Rc6 Rd6 42.Rc7 h6
43.Rc2 Rg6 44.Kf1 Rxg2  0-1

[Event "chT-POL"]
[Site "Zakopane chT"]
[Date "2000.09.11"]
[Round "9"]
[White "Jakubowski,T"]
[Black "Praszak,M"]
[Result "1-0"]
[WhiteElo "2311"]
[BlackElo "2219"]

1.e4 c5 2.Nf3 d6 3.Bb5+ Bd7 4.Bxd7+ Nxd7 5.O-O Ngf6 6.Qe2 g6 7.c3 Bg7 8.d4 O-O
9.e5 dxe5 10.dxe5 Ne8 11.e6 fxe6 12.Qxe6+ Kh8 13.Ng5 Nc7 14.Qh3 Nf6 15.Bf4 Nh5
16.Bxc7 Qxc7 17.Ne6 Qb6 18.Nxf8 Rxf8 19.b3 Nf4 20.Qe3 Qa6 21.Nd2 Ne2+ 22.Kh1 Nxc3
23.Qxc5 Qd3 24.Qe3 Qd7 25.Rae1 Nxa2 26.Ne4 Nb4 27.Nc5 Qb5 28.Qxe7 Nc6 29.Qg5 Bf6
30.Qc1 Nd4 31.Qc4 Qxc4 32.bxc4 Rc8  1-0

[Event "World Seniors"]
[Site "Rowy POL"]
[Date "2000.09.17"]
[Round "6"]
[White "Shabanov,Y"]
[Black "Lapienis,D"]
[Result "1/2-1/2"]
[WhiteElo "2486"]
[BlackElo "2292"]

1.e4 c5 2.Nf3 d6 3.Bb5+ Nc6 4.O-O Bd7 5.Re1 Nf6 6.c3 a6 7.Bf1 Bg4 8.d3 e6
9.Nbd2 Be7 10.h3 Bh5 11.a3 d5 12.Rb1 O-O 13.g4 Bg6 14.Nh4 Qc7 15.Qe2 Bd6
16.Nxg6 hxg6 17.Nf3 Nd7 18.b4 dxe4 19.dxe4 Nde5 20.Nh4 Qe7 21.Nf3 g5  1/2-1/2

[Event "WJun"]
[Site "Yerevan ARM"]
[Date "2000.09.18"]
[Round "1"]
[White "Felgaer,R"]
[Black "Aronian,L"]
[Result "1-0"]
[WhiteElo "2390"]
[BlackElo "2551"]

1.e4 c5 2.Nf3 d6 3.Bb5+ Nc6 4.O-O Bd7 5.c3 Nf6 6.Re1 a6 7.Bxc6 Bxc6 8.d4 Bxe4
9.Bg5 Bd5 10.c4 Bxf3 11.Qxf3 cxd4 12.Qxb7 Qc8 13.Qf3 e6 14.Bxf6 gxf6 15.Qxf6 Rg8
16.Nd2 Bg7 17.Qh4 h6 18.Ne4 Qc7 19.Rad1 Qe7 20.Qg3 e5 21.Rxd4 O-O-O 22.Qh3+ Kc7
23.Rd5 Qd7 24.Qa3 Qc6 25.Red1 Bf8 26.Qa5+ Qb6 27.Qxb6+ Kxb6 28.Nxd6 Bxd6
29.Rxd6+ Rxd6 30.Rxd6+ Kc5 31.Rxa6 Rd8 32.Kf1 Kxc4 33.Rxh6 Rd2 34.Rb6 f5
35.Ke1 Rd5 36.Ke2 f4 37.g3  1-0

[Event "WJun"]
[Site "Yerevan ARM"]
[Date "2000.09.22"]
[Round "4"]
[White "Kabanov,N"]
[Black "Fernando,D"]
[Result "0-1"]
[WhiteElo "2385"]
[BlackElo "2257"]

1.e4 c5 2.Nf3 d6 3.Bb5+ Bd7 4.Bxd7+ Qxd7 5.c4 Nc6 6.Nc3 g6 7.d4 Bg7 8.d5 Bxc3+
9.bxc3 Na5 10.Nd2 f6 11.O-O O-O-O 12.f4 Nh6 13.e5 Nf5 14.Qe2 h5 15.Nb3 Qa4
16.Nxa5 Qxa5 17.exf6 exf6 18.Qe6+ Kb8 19.Bd2 Rhf8 20.Rfe1 Qa4 21.Qe4 Rde8
22.Qd3 Rxe1+ 23.Bxe1 Re8 24.Bf2 Re7 25.g3 Qe8 26.Kg2 Nh6 27.h3 a6 28.Kf3 g5
29.fxg5 fxg5 30.Kg2 g4 31.h4 Re4 32.Kf1 Qg6 33.Rd1 Nf7 34.Rd2 Ne5 35.Qb1 Rxc4
36.Qb6 Rxc3 37.Re2 Rc1+ 38.Kg2 Qf6  0-1

[Event "TCh-FIN 00-01"]
[Site "FIN"]
[Date "2000.09.23"]
[Round "1"]
[White "Seeman,T"]
[Black "Rytshagov,M"]
[Result "1/2-1/2"]
[WhiteElo "2423"]
[BlackElo "2525"]

1.e4 c5 2.Nf3 d6 3.Bb5+ Bd7 4.Bxd7+ Qxd7 5.c4 Nf6 6.Nc3 Nc6 7.O-O g6 8.d4 cxd4
9.Nxd4 Bg7 10.Nde2 O-O 11.f3 a6 12.Be3 Qc7 13.Qd2 Qa5 14.Rfd1 Rac8 15.Rac1 Rfe8
16.b3 b5 17.cxb5 axb5 18.Kh1 h5 19.h3 Red8 20.Rc2 Nb4 21.Rcc1 Nc6 22.Rc2 Nb4
23.Rcc1  1/2-1/2

[Event "WJun (Girls)"]
[Site "Yerevan ARM"]
[Date "2000.09.23"]
[Round "5"]
[White "Ionica,I"]
[Black "Paehtz,E"]
[Result "1-0"]
[WhiteElo "2160"]
[BlackElo "2343"]

1.e4 c5 2.Nf3 d6 3.Bb5+ Nd7 4.d4 Nf6 5.Nc3 cxd4 6.Qxd4 e5 7.Qd3 h6 8.O-O Be7
9.Be3 a6 10.Bc4 O-O 11.a4 Kh7 12.a5 g6 13.Rfd1 Kg7 14.Nd2 Ng4 15.Nf1 f5 16.f3 Ngf6
17.exf5 gxf5 18.Ng3 f4 19.Nf5+ Kh8 20.Bf2 e4 21.fxe4 Ne5 22.Qd4 Qe8 23.Nxe7 Qxe7
24.Nd5 Qg7 25.Kh1 Nxd5 26.Qxd5 Rf6 27.Bf1 Bg4 28.Rd2 Re8 29.Ra3 Kh7 30.c4 Ree6
31.Rb3 f3 32.Rxb7 fxg2+ 33.Bxg2 Rf7 34.Rxf7 Qxf7 35.Bg3 Qg7 36.Rf2 Re7 37.Qxd6 Nxc4
38.Qxa6 Qd4 39.Qf6 Qd7 40.e5 Qd8 41.Bh4 Qd1+ 42.Rf1 Rd7 43.Be4+ Kg8 44.Qf8+  1-0

[Event "4NCL"]
[Site "Birmingham ENG"]
[Date "2000.09.24"]
[Round "2"]
[White "Collinson,A"]
[Black "Chandler,M"]
[Result "0-1"]
[WhiteElo "2404"]
[BlackElo "2526"]

1.e4 c5 2.Nf3 d6 3.Bb5+ Nd7 4.c3 Nf6 5.Qe2 a6 6.Ba4 e5 7.O-O Be7 8.d4 b5
9.Bc2 O-O 10.dxe5 dxe5 11.Rd1 Qc7 12.Nbd2 Bb7 13.Nf1 c4 14.Bg5 Nc5 15.Bxf6 Bxf6
16.Ne3 Rad8 17.Ng4 Be7 18.Ngxe5 h5 19.b3 Bf6 20.Nxc4 Bxc3 21.Ne3 Bxa1 22.Rxa1 Nxe4
23.Nf5 Rfe8 24.Re1 g6 25.N5d4 Nf6  0-1

[Event "V ECC Women"]
[Site "Halle GER"]
[Date "2000.09.24"]
[Round "1"]
[White "Skripchenko,A"]
[Black "Grosar,K"]
[Result "1/2-1/2"]
[WhiteElo "2450"]
[BlackElo "2223"]

1.e4 c5 2.Nf3 d6 3.Bb5+ Bd7 4.Bxd7+ Nxd7 5.O-O e6 6.d4 Be7 7.c4 Rc8 8.Qe2 cxd4
9.Nxd4 Qc7 10.b3 a6 11.Bb2 Bf6 12.Rd1 Ne7 13.Nc3 O-O 14.Rac1 Rfd8 15.Kh1 Nc6
16.Nxc6 bxc6 17.f4 a5 18.Qg4 e5 19.f5 Nc5 20.Rc2 Rd7 21.Rcd2 Rcd8 22.Ba3 Qa7
23.g3 h6 24.h4 Be7 25.Kg2 Na6 26.Qf3 Nb4 27.Kh3 d5 28.cxd5 Nxd5 29.Bxe7 Nxe7
30.Rxd7 Rxd7 31.f6 Ng6 32.Qg4 Rxd1 33.Nxd1 Qg1 34.Qf3 gxf6 35.Ne3 h5 36.Nf5 Kf8
37.Qg2 Qb1 38.Kh2 Ne7 39.Nd6 f5 40.Qf2 Qd3 41.Nxf5 Qxe4 42.Nxe7 Kxe7 43.Qc5+ Ke6
44.Qxa5 Qe2+ 45.Kg1 Kf5 46.Qa7 Qd1+ 47.Kf2 Qd2+ 48.Kg1 Qd1+ 49.Kf2 Qd2+ 50.Kg1 Qd1+  1/2-1/2